000 00881nam a2200217Ii 4500
003 JO-AjNU
008 230605s9999||||xx |||||||||||||| ||und||
017 _a2002/12/2843
040 _aJO-AjNU
_bara
_erda
_cJO-AjNU
041 _aara
050 1 4 _aPJ7651.S2522 2002
100 3 _aالسامرائي،إبراهيم,
_eauthor
_917370
245 0 0 _aأوهام المعاصرة:دراسة نقدية في مصنفات الشعر العربي المعاصر
264 3 1 _aعمان:وزارة الثقافة،2002
300 _a128ص
336 _atext
_btxt
_2rdacontent
337 _aunmediated
_bn
_2rdamedia
338 _avolume
_bnc
_2rdacarrier
490 0 _aسلسلة كتب ثقافية تصدرها وزارة الثقافة المملكة الأردنية الهاشمية 2002
650 4 _aالنقد الأدبي-العصر الحديث-الشعر العربي
_917371
999 _aA5351
_c8919
_d8919